[Event "AUTO-MASTER-1615"]
[Site "http://www.queenalice.com/game.php?id=1042480"]
[Date "2012.3.25"]
[Round "1"]
[White "Giant"]
[Black "woinic"]
[Result "1/2-1/2"]
[WhiteElo "2320"]
[BlackElo "2117"]

1. d4 d5 2. Nf3 Nf6 3. g3 c6 4. Bg2 Bf5 5. O-O e6 6. Nh4 Bg6 7. Nd2 Be7 8. c3
Qb6 9. Nxg6 hxg6 10. Nf3 Nbd7 11. Nd2 Ng4 12. h3 Ngf6 13. b4 Qc7 14. a3 Bd6 15.
c4 O-O 16. Bb2 a5 17. c5 Be7 18. Bc3 axb4 19. axb4 b6 20. e4 bxc5 21. dxc5 Rfb8
22. Qe2 Rxa1 23. Rxa1 d4 24. Bxd4 Rxb4 25. Ra8+ Kh7 26. Qe3 Qb7 27. Ra5 Rb5 28.
Rxb5 Qxb5 29. e5 Nd5 30. Bxd5 cxd5 31. Nb3 Nb8 1/2-1/2

[Event "AUTO-MASTER-1615"]
[Site "http://www.queenalice.com/game.php?id=1042481"]
[Date "2012.3.25"]
[Round "1"]
[White "woinic"]
[Black "strutz"]
[Result "1/2-1/2"]
[WhiteElo "2078"]
[BlackElo "2042"]

1. Nf3 Nf6 2. c4 g6 3. Nc3 Bg7 4. g3 O-O 5. Bg2 c6 6. O-O d5 7. d4 Nbd7 8. cxd5
cxd5 9. Bd2 Nb6 10. e3 Bf5 11. Ne5 Nfd7 12. f4 e6 13. Qe2 Rc8 14. g4 Be4 15.
Nxe4 dxe4 16. Bxe4 Nxe5 17. fxe5 Qd7 18. Qf3 Rc7 19. Rac1 Rfc8 20. Rxc7 Rxc7 21.
Bb4 Nd5 22. Bd6 Rc6 23. Bxd5 exd5 24. h3 Qe6 25. e4 dxe4 26. Qxe4 Qc4 27. b3 Qc3
28. Qf4 Kh8 29. Kg2 Rc8 30. Ba3 Qc6+ 31. Qf3 Qa6 32. b4 Qc4 33. Qf2 Qd5+ 34. Kg1
h6 35. Bc1 Rc7 36. a3 1/2-1/2

[Event "AUTO-MASTER-1615"]
[Site "http://www.queenalice.com/game.php?id=1042482"]
[Date "2012.3.25"]
[Round "1"]
[White "strutz"]
[Black "woinic"]
[Result "0-1"]
[WhiteElo "2022"]
[BlackElo "2077"]

1. e4 c6 2. d4 d5 3. e5 Bf5 4. Nc3 e6 5. g4 Bg6 6. Nge2 f6 7. Nf4 fxe5 8. Nxg6
hxg6 9. dxe5 Nd7 10. Bf4 Qc7 11. Qe2 Bb4 12. a3 Bxc3+ 13. bxc3 Nh6 14. Bg2 Nf7
15. O-O O-O-O 16. c4 Nb6 17. cxd5 Nxd5 18. Bg3 g5 19. c4 Nf4 20. Bxf4 gxf4 21.
Rfe1 g5 22. h3 Rd4 23. Rac1 Rhd8 24. Rc3 Rd2 25. Qe4 Qb6 26. Rf1 Qd4 27. Qxd4
R8xd4 28. Re1 Ra2 29. Bf1 Rdd2 30. Rf3 Rd4 31. Kg2 Rad2 32. Kg1 Rd1 33. Rxd1
Rxd1 34. Rd3 Rxd3 35. Bxd3 Nxe5 36. Be2 c5 37. Kg2 Nc6 38. h4 gxh4 39. Kh3 Kd8
40. Kxh4 Ke7 41. g5 Kf7 42. Bh5+ Kg7 43. Kg4 Ne5+ 44. Kxf4 Nxc4 45. Ke4 Nxa3 46.
Ke5 b5 47. Kxe6 c4 48. f4 c3 49. Bd1 c2 50. Bxc2 Nxc2 51. f5 Nd4+ 0-1

[Event "AUTO-MASTER-1616"]
[Site "http://www.queenalice.com/game.php?id=1042838"]
[Date "2012.3.26"]
[Round "1"]
[White "cmnetto"]
[Black "woinic"]
[Result "0-1"]
[WhiteElo "2027"]
[BlackElo "2153"]

1. e4 c6 2. Nf3 d5 3. exd5 cxd5 4. d4 Nf6 5. Bd3 Bg4 6. O-O e6 7. Bg5 Be7 8.
Nbd2 Nbd7 9. h3 Bh5 10. Qe1 Bg6 11. Ne5 Bxd3 12. Nxd3 h6 13. Bh4 O-O 14. f4 Rc8
15. c3 b5 16. b4 a5 17. a3 axb4 18. cxb4 Ne8 19. Bxe7 Qxe7 20. Nc5 Nd6 21. Nf3
Nc4 22. Ne5 Ndxe5 23. fxe5 Ra8 24. a4 Rxa4 25. Nxa4 bxa4 26. Rxa4 Rb8 27. Qc3
Qc7 28. Rfa1 Qd8 29. Ra7 Rc8 30. Qf3 Qf8 31. Rd7 Nd2 32. Qh5 Ne4 0-1

[Event "AUTO-MASTER-1616"]
[Site "http://www.queenalice.com/game.php?id=1042839"]
[Date "2012.3.26"]
[Round "1"]
[White "woinic"]
[Black "cmnetto"]
[Result "1-0"]
[WhiteElo "2143"]
[BlackElo "2063"]

1. Nf3 d5 2. g3 Nc6 3. d4 Nf6 4. Bg2 Bg4 5. O-O e6 6. c3 Bd6 7. Qc2 O-O 8. Bg5
h6 9. Bxf6 Qxf6 10. Nbd2 Bf5 11. Qb3 Rab8 12. e3 Bd3 13. Rfe1 a6 14. e4 dxe4 15.
Nxe4 Qg6 16. Nxd6 cxd6 17. Re3 Bc2 18. Qc4 Na5 19. Qe2 d5 20. Ne5 Qh7 21. Nd7
Nc4 22. Nxf8 Kxf8 23. Rf3 Nxb2 24. Qxe6 Qg6 25. Qxd5 Na4 26. Re3 Nb6 27. Qe5 Kg8
28. Qxb8+ 1-0

[Event "AUTO-MASTER-1616"]
[Site "http://www.queenalice.com/game.php?id=1042854"]
[Date "2012.3.26"]
[Round "1"]
[White "jlpbarreto"]
[Black "woinic"]
[Result "0-1"]
[WhiteElo "1985"]
[BlackElo "2095"]

1. e4 c6 2. d4 d5 3. Nc3 dxe4 4. Nxe4 Bf5 5. Ng3 Bg6 6. h4 h6 7. Nf3 Nd7 8. Bd3
Bxd3 9. Qxd3 e6 10. Ne5 Ngf6 11. O-O c5 12. c3 Nxe5 13. Qb5+ Nc6 14. Bf4 Qd7 15.
dxc5 Be7 16. Rad1 Qc8 17. Rd3 O-O 18. Rfd1 Nd5 19. Bxh6 gxh6 20. Qc4 Ne5 21. Qa4
Nxd3 22. Rxd3 f5 23. Nh5 Qe8 24. Rg3+ Kh8 0-1

[Event "AUTO-MASTER-1616"]
[Site "http://www.queenalice.com/game.php?id=1042855"]
[Date "2012.3.26"]
[Round "1"]
[White "woinic"]
[Black "jlpbarreto"]
[Result "1-0"]
[WhiteElo "2076"]
[BlackElo "1998"]

1. Nf3 Nf6 2. c4 e6 3. g3 g6 4. Bg2 Bg7 5. O-O O-O 6. d4 c6 7. Nc3 d5 8. Bg5
Nbd7 9. Re1 dxc4 10. e4 Qb6 11. Na4 Qb5 12. Qc2 Nb6 13. Nc3 Qa6 14. Bf1 Nbd7 15.
b3 b5 16. bxc4 b4 17. c5 Qb7 18. Ne2 a5 19. Nd2 Ne8 20. Rab1 Nc7 21. Nc4 Ne8 22.
Be7 Qc7 23. Bxf8 Kxf8 24. a3 1-0

[Event "AUTO-MASTER-1616"]
[Site "http://www.queenalice.com/game.php?id=1042864"]
[Date "2012.3.26"]
[Round "1"]
[White "oaitsabes"]
[Black "woinic"]
[Result "1-0"]
[WhiteElo "2188"]
[BlackElo "2078"]

1. e4 c6 2. d4 d5 3. e5 Bf5 4. Bd3 Bxd3 5. Qxd3 e6 6. f4 Nd7 7. Nf3 Ne7 8. O-O
Qb6 9. Kh1 Nf5 10. g4 Ne7 11. Na3 c5 12. c4 cxd4 13. Qxd4 a6 14. Be3 Qxd4 15.
Bxd4 h5 16. g5 dxc4 17. Nxc4 Nf5 18. Nb6 Nxb6 19. Bxb6 Ne7 20. Bc5 Nd5 21. Bxf8
Rxf8 22. Nd2 Ke7 23. Ne4 f6 24. Nd6 b5 25. h4 fxe5 26. fxe5 Ne3 27. Rfc1 Ra7 28.
Nc8+ Rxc8 29. Rxc8 Nf5 30. Rac1 Nxh4 31. R1c7+ Rxc7 32. Rxc7+ Kf8 33. Rc6 Ke7
34. Rxa6 Nf3 35. Ra7+ Kf8 36. Rb7 Nxe5 37. Rxb5 Nf7 38. a4 Nd6 39. Rb6 Ke7 40.
a5 1-0

[Event "AUTO-MASTER-1616"]
[Site "http://www.queenalice.com/game.php?id=1042865"]
[Date "2012.3.26"]
[Round "1"]
[White "woinic"]
[Black "oaitsabes"]
[Result "1/2-1/2"]
[WhiteElo "2066"]
[BlackElo "2197"]

1. Nf3 Nf6 2. c4 g6 3. Nc3 Bg7 4. g3 O-O 5. Bg2 c6 6. O-O d5 7. d4 Nbd7 8. b3
Ne4 9. Nxe4 dxe4 10. Ne1 Nc5 11. e3 f5 12. Bb2 Na6 13. a3 c5 14. Nc2 Qc7 15. Rb1
cxd4 16. exd4 Rd8 17. Qe2 e6 18. Ne3 Nb8 19. Rfd1 Nc6 20. d5 Ne5 21. f3 exf3 22.
Bxf3 Nxf3+ 23. Qxf3 Bxb2 24. Rxb2 Qb6 25. Qf2 exd5 26. Nxd5 Qxf2+ 27. Kxf2 Kf7
28. Rbd2 Rb8 29. b4 b5 30. c5 Bb7 31. Nc3 Rxd2+ 32. Rxd2 Bc6 33. Rd6 Rc8 34. Ne2
Ke7 35. Nd4 Bd7 36. Nf3 Rc6 37. Rxd7+ Kxd7 38. Ne5+ Kc7 39. Nxc6 Kxc6 40. Kf3 g5
41. Ke3 Kd5 42. Ke2 1/2-1/2

[Event "AUTO-MASTER-1644"]
[Site "http://www.queenalice.com/game.php?id=1055829"]
[Date "2012.5.4"]
[Round "1"]
[White "woinic"]
[Black "rviana"]
[Result "1-0"]
[WhiteElo "2161"]
[BlackElo "1848"]

1. Nf3 e6 2. c4 Nf6 3. Nc3 d6 4. g3 Be7 5. Bg2 O-O 6. O-O c5 7. b3 Nc6 8. Bb2
Bd7 9. e3 a6 10. d4 Qc7 11. d5 Ne5 12. Nxe5 dxe5 13. Ne4 Nxe4 14. Bxe4 f5 15.
dxe6 Bxe6 16. Bd5 1-0

[Event "AUTO-MASTER-1644"]
[Site "http://www.queenalice.com/game.php?id=1055830"]
[Date "2012.5.4"]
[Round "1"]
[White "rviana"]
[Black "woinic"]
[Result "0-1"]
[WhiteElo "1845"]
[BlackElo "2164"]

1. c4 c6 2. d4 d5 3. Nf3 Nf6 4. e3 a6 5. Be2 Bf5 6. O-O e6 7. Nc3 Nbd7 8. Bd2
Be7 9. c5 Qc7 10. b4 O-O 11. h3 h6 12. Qb3 e5 13. a4 e4 14. Nh2 Bg6 15. b5 Nh7
0-1

[Event "AUTO-MASTER-1644"]
[Site "http://www.queenalice.com/game.php?id=1055831"]
[Date "2012.5.4"]
[Round "1"]
[White "woinic"]
[Black "Elafsson"]
[Result "1-0"]
[WhiteElo "2105"]
[BlackElo "2101"]

1. Nf3 g6 2. c4 Bg7 3. Nc3 Nf6 4. e4 c5 5. d4 cxd4 6. Nxd4 Nc6 7. Be3 a6 8. Be2
Qa5 9. O-O O-O 10. Nd5 Nxe4 11. Nxc6 bxc6 12. Nxe7+ Kh8 13. Bd4 Qd2 14. Bxg7+
Kxg7 15. Nxc8 Raxc8 16. Qxd2 Nxd2 17. Rfd1 1-0

[Event "AUTO-MASTER-1644"]
[Site "http://www.queenalice.com/game.php?id=1055832"]
[Date "2012.5.4"]
[Round "1"]
[White "Elafsson"]
[Black "woinic"]
[Result "0-1"]
[WhiteElo "2059"]
[BlackElo "2133"]

1. e4 c5 2. d3 e6 3. g3 Nc6 4. Bg2 a6 5. Ne2 d6 6. O-O Be7 7. f4 Nf6 8. Nbc3 e5
9. f5 b5 10. h3 Bb7 11. g4 Nd4 12. g5 Nd7 13. h4 Qc7 14. Be3 O-O-O 15. a3 h6 16.
b4 hxg5 17. hxg5 Nb6 18. Na2 d5 19. bxc5 Bxc5 20. Ng3 Nxc2 21. Bxc5 Qxc5+ 22.
Rf2 Nxa1 23. Qxa1 Kb8 24. Nb4 Qd4 25. Qxd4 exd4 26. e5 Rhe8 27. Re2 Rc8 28. f6
gxf6 29. gxf6 Nd7 30. Nxd5 Rxe5 0-1

[Event "AUTO-MASTER-1644"]
[Site "http://www.queenalice.com/game.php?id=1055833"]
[Date "2012.5.4"]
[Round "1"]
[White "woinic"]
[Black "MarceloPadre"]
[Result "1-0"]
[WhiteElo "2091"]
[BlackElo "2059"]

1. Nf3 Nf6 2. c4 e6 3. Nc3 d5 4. d4 dxc4 5. e3 c5 6. Bxc4 Nc6 7. O-O cxd4 8.
exd4 Be7 9. Bg5 a6 10. a3 b5 11. Ba2 Bb7 12. Rc1 Rc8 13. Bb1 h6 14. Bf4 O-O 15.
Qd3 Re8 16. Ne4 Qb6 17. Nxf6+ Bxf6 18. Qh7+ Kf8 19. Bd6+ 1-0

[Event "AUTO-MASTER-1644"]
[Site "http://www.queenalice.com/game.php?id=1055834"]
[Date "2012.5.4"]
[Round "1"]
[White "MarceloPadre"]
[Black "woinic"]
[Result "0-1"]
[WhiteElo "2049"]
[BlackElo "2123"]

1. d4 d5 2. c4 c6 3. Nc3 Nf6 4. e3 a6 5. cxd5 cxd5 6. Bd3 b5 7. Nge2 Bb7 8. a3
e6 9. O-O Bd6 10. f4 Ne4 11. Bxe4 dxe4 12. Bd2 Nd7 13. Qb3 Nb6 14. Be1 Nd5 15.
Nxe4 Be7 16. N2g3 O-O 17. Bd2 Rc8 18. Rac1 Qd7 19. Rxc8 Rxc8 20. Rc1 Rxc1+ 21.
Bxc1 Qc6 22. Bd2 f5 23. Qd1 fxe4 24. h3 Nf6 25. Bc3 Qc4 26. Qe1 Qd3 27. Bd2 Nd7
28. Nf1 Nb6 29. Bb4 Nd5 30. Bxe7 Nxe7 31. Qa5 Bd5 32. Kf2 Qc2+ 33. Kg1 Qxb2 34.
Qxa6 Qc1 35. Kf2 Qb2+ 36. Kg1 Qe2 37. Ng3 Qxe3+ 0-1

[Event "AUTO-MASTER-1644"]
[Site "http://www.queenalice.com/game.php?id=1104705"]
[Date "2012.9.20"]
[Round "2"]
[White "woinic"]
[Black "nemeth"]
[Result "0-1"]
[WhiteElo "2089"]
[BlackElo "1931"]

1. c4 c6 2. g3 d5 3. Bg2 Nf6 4. Qc2 dxc4 5. Na3 b5 6. Nxb5 Ba6 7. Nc3 e6 8. Nf3
Be7 9. O-O O-O 10. Re1 Nbd7 11. Qa4 Qb6 12. Rb1 Bb5 0-1

[Event "AUTO-MASTER-1644"]
[Site "http://www.queenalice.com/game.php?id=1104706"]
[Date "2012.9.20"]
[Round "2"]
[White "nemeth"]
[Black "woinic"]
[Result "1-0"]
[WhiteElo "1953"]
[BlackElo "2067"]

1. e4 c5 2. Nc3 e6 3. f4 a6 4. g3 b6 5. Bg2 Bb7 6. d3 Qc7 7. Nf3 d6 8. O-O Nf6
9. Ne2 Be7 10. c3 Nbd7 11. h3 O-O 12. g4 1-0

[Event "AUTO-MASTER-1644"]
[Site "http://www.queenalice.com/game.php?id=1104707"]
[Date "2012.9.20"]
[Round "2"]
[White "woinic"]
[Black "vivafischer"]
[Result "0-1"]
[WhiteElo "2155"]
[BlackElo "2197"]

1. c4 e5 2. Nc3 Nc6 3. g3 g6 4. Bg2 Nge7 5. Nf3 Bg7 6. O-O O-O 7. d3 Rb8 8. Rb1
a6 9. Bg5 h6 10. Bd2 b5 11. c5 d5 12. cxd6 cxd6 13. Ne1 d5 14. e3 Be6 15. a3 Qd7
16. f4 Bh3 17. Ne2 Bxg2 18. Nxg2 e4 19. Bc3 Bxc3 20. Nxc3 Qe6 21. d4 h5 22. Nh4
Nf5 23. Nxf5 Qxf5 24. Ne2 Ne7 25. Nc1 Qe6 26. Nb3 Nf5 27. Qe2 Qb6 28. Nc5 Rfd8
29. Kg2 Rbc8 30. h3 Rxc5 31. dxc5 Qxc5 32. Rfe1 d4 33. exd4 Rxd4 34. Rbc1 Qd5
35. Rcd1 e3+ 36. Kh2 Rd2 37. Rxd2 Qxd2 38. Kg2 Qd5+ 39. Qf3 Qd4 40. g4 Nh4+ 0-1

[Event "AUTO-MASTER-1644"]
[Site "http://www.queenalice.com/game.php?id=1104708"]
[Date "2012.9.20"]
[Round "2"]
[White "vivafischer"]
[Black "woinic"]
[Result "1-0"]
[WhiteElo "2186"]
[BlackElo "2166"]

1. e4 c5 2. Nf3 e6 3. d4 cxd4 4. Nxd4 a6 5. Nc3 Qc7 6. Bd3 Nf6 7. O-O b5 8. Be3
Bb7 9. f3 d6 10. Qe1 Be7 11. Qg3 g6 12. a3 Nbd7 13. Nb3 Rc8 14. f4 Bf8 15. f5 d5
16. Qxc7 Rxc7 17. fxe6 fxe6 18. exd5 Nxd5 19. Nxd5 Bxd5 20. Nd2 Nc5 21. Be2 Bg7
22. c3 Na4 23. Rab1 Nc5 24. h3 Ne4 25. Nxe4 Bxe4 26. Rbd1 Rf8 27. Rd6 Rxf1+ 28.
Bxf1 Ke7 29. Rxa6 Bc6 30. Rb6 b4 31. Rxb4 e5 32. a4 Ke6 33. a5 Bf8 34. Rb6 Kd5
35. b4 Rb7 36. a6 Rb8 37. Rxb8 1-0

[Event "AUTO-MASTER-1615"]
[Site "http://www.queenalice.com/game.php?id=1105850"]
[Date "2012.9.24"]
[Round "2"]
[White "kobra23"]
[Black "woinic"]
[Result "1-0"]
[WhiteElo "2470"]
[BlackElo "2142"]

1. d4 Nf6 2. c4 e6 3. Nf3 Bb4+ 4. Bd2 Qe7 5. Nc3 O-O 6. e3 d6 7. Qc2 Nc6 8. Bd3
e5 9. dxe5 dxe5 10. O-O Re8 11. Nd5 1-0

[Event "AUTO-MASTER-1615"]
[Site "http://www.queenalice.com/game.php?id=1105851"]
[Date "2012.9.24"]
[Round "2"]
[White "woinic"]
[Black "kobra23"]
[Result "0-1"]
[WhiteElo "2144"]
[BlackElo "2468"]

1. c4 e5 2. Nc3 Nc6 3. g3 Nf6 4. Bg2 Bc5 5. d3 O-O 6. Nf3 d6 7. O-O h6 8. a3 a5
9. Rb1 Bg4 10. Na4 Ba7 0-1

[Event "AUTO-MASTER-1615"]
[Site "http://www.queenalice.com/game.php?id=1105854"]
[Date "2012.9.24"]
[Round "2"]
[White "miltonlovisk"]
[Black "woinic"]
[Result "1-0"]
[WhiteElo "1857"]
[BlackElo "2140"]

1. e4 c5 2. Nf3 e6 3. a3 Qc7 4. Nc3 a6 5. d4 cxd4 6. Nxd4 Nf6 7. g3 b6 8. Bg2
Bb7 9. f3 Be7 10. O-O O-O 11. Bg5 d6 12. Be3 Nc6 13. Nde2 Rfd8 14. Qc1 Rac8 15.
Na4 Nd7 16. Rd1 Nf6 17. c4 1-0

[Event "AUTO-MASTER-1615"]
[Site "http://www.queenalice.com/game.php?id=1105855"]
[Date "2012.9.24"]
[Round "2"]
[White "woinic"]
[Black "miltonlovisk"]
[Result "0-1"]
[WhiteElo "2120"]
[BlackElo "1884"]

1. c4 e5 2. Nc3 a6 3. g3 Bc5 4. Bg2 c6 5. d3 Qf6 6. Nf3 h6 7. O-O d6 8. Rb1 Bf5
9. a3 Ne7 10. e4 Bg4 11. h3 Bh5 12. b4 Ba7 13. g4 Bg6 14. Ne2 Bh7 15. Kh1 g5 16.
Ng3 Bg6 17. Nd2 Nd7 0-1